000 00313nam a2200121Ia 4500
005 20251222143234.0
008 251222s9999||||xx |||||||||||||| ||spa||
082 _a362.291.7/C76
245 0 _aInformación Básica para la Reducción de la Demanda de Drogas
250 _a2a.ed.
264 _bDEVIDA
942 _cLIB
999 _c14313
_d14313